The anatomy of persuasion / (Record no. 8834)

MARC details
000 -LEADER
fixed length control field 00780 a2200253 4500
010 ## - LIBRARY OF CONGRESS CONTROL NUMBER
LC control number ENG-88610
020 ## - INTERNATIONAL STANDARD BOOK NUMBER
International Standard Book Number 9788120333109
Terms of availability 275.00
035 ## - SYSTEM CONTROL NUMBER
System control number EN-72143
037 ## - SOURCE OF ACQUISITION
Source of stock number/acquisition DBAD / PUB
082 00 - DEWEY DECIMAL CLASSIFICATION NUMBER
Classification number 658.4052
090 ## - LOCALLY ASSIGNED LC-TYPE CALL NUMBER (OCLC); LOCAL CALL NUMBER (OCLC)
-- 8996
-- 8996
100 1# - MAIN ENTRY--PERSONAL NAME
Personal name Aubuchon, Norbert
245 14 - TITLE STATEMENT
Title The anatomy of persuasion /
Statement of responsibility, etc by Norbert Aubuchon
260 ## - PUBLICATION, DISTRIBUTION, ETC. (IMPRINT)
Place of publication, distribution, etc New Delhi
Name of publisher, distributor, etc Prentice-Hall of India
Date of publication, distribution, etc 2007
300 ## - PHYSICAL DESCRIPTION
Extent xii, 193 p. :
Other physical details ill.
Dimensions 23 cm (Hb)
500 ## - GENERAL NOTE
General note Includes index
650 #0 - SUBJECT ADDED ENTRY--TOPICAL TERM
Topical term or geographic name as entry element Negotiation in business
650 #0 - SUBJECT ADDED ENTRY--TOPICAL TERM
Topical term or geographic name as entry element Persuasion (Psychology)
650 #0 - SUBJECT ADDED ENTRY--TOPICAL TERM
Topical term or geographic name as entry element Persuasion (Rhetoric)
650 #0 - SUBJECT ADDED ENTRY--TOPICAL TERM
Topical term or geographic name as entry element Selling.
650 #0 - SUBJECT ADDED ENTRY--TOPICAL TERM
Topical term or geographic name as entry element Leadership.
942 ## - ADDED ENTRY ELEMENTS (KOHA)
Institution code [OBSOLETE] dpl
Koha item type English Books
Call number prefix 658.4052 / AUB
Holdings
Withdrawn status Lost status Source of classification or shelving scheme Damaged status Not for loan Collection code Home library Current library Source of acquisition Cost, normal purchase price Total Checkouts Full call number Barcode Date last seen Copy number Uniform Resource Identifier Cost, replacement price Price effective from Koha item type
    Dewey Decimal Classification   Not For Loan Non-fiction D.B.Act.Division D.B.Act.Division DBAD/PUB 275.00   658.4052 EN-72143 15/09/2008 1 9781 275.00 15/09/2008 English Books

© Delhi Public Library
Hit Counter
free hit counter